000 01105nmm a2200277 a 4500
001 ocm0001083836
003 TR-IsHL
005 20201028151500.0
008 150709s1985 tu tur
007 cr cn
035 _a1083836
_b(N$T)
050 0 4 _aKKX4604.5
_b.Y87 1985
090 0 4 _aKKX4604.5
_b.Y87 1985
100 1 _aYurtcan, Erdener
245 1 0 _aCeza muhakemeleri usulü kanunu ve ilgil mevzuat: Polis vazife ve selahiyet kanunu
_h[electronic resource] /
_cErdener Yurtcan
250 _aCMUK.'yı Değiştiren 3206 Sayılı Yasaya Göre Yeniden Hazırlanmış 4. bası
260 _aİstanbul :
_bErdener Yurtcan Kitaplığı,
_c1985
300 _a448 p.
500 _aDış kapakta : Notlu, açıklamalı Ceza muhakemeleri usulü kanunu ve ilgil mevzuat : Polis vazife ve selahiyet kanunu
_x
650 4 _aHukuk
650 4 _aLaw
650 0 _aCeza yargılaması
_x Türkiye
650 0 _aCriminal procedure
_x Turkey
650 7 _aLAW / Criminal Law / General
_2bisacsh
856 4 0 _uhttp://search.ebscohost.com/login.aspx?direct=true&scope=site&db=e011xww&AN=1083836
999 _c11030
_d11030